000 00616nam a2200265Ia 4500
008 210210b2011 xxu||||| |||| 00| 0 eng d
020 _a9780415597999
041 _aeng
082 _a954.0317 SHAI
100 _aMAZUMDAR (Shaswati) Ed
245 _aInsurgent sepoys: Europe views the revolt of 1857
260 _aNew Delhi
_bRoutledge
_c2011
300 _axi,305
650 _aviews
650 _athe
650 _asepoys:
650 _arevolt
650 _aof
650 _aInsurgent
650 _aEurope
650 _aEdurope
650 _a1857
690 _aIndian History
906 _a068910
999 _c153010
_d153010